Taylor Swift - Paroles I Can Fix Him (No Really I Can) - Statistiques

Statistiques générales
  • Ce quiz a été pris 30 fois
  • Le résultat moyen est 194 sur 235
Statistiques - réponses
Hint Réponse % Correct
a
100%
A
100%
an
100%
and
100%
And
100%
can
100%
can)
100%
fix
100%
him,
100%
I
100%
(I
100%
no,
100%
No,
100%
(no,
100%
really
100%
Couplet 1 | Couplet 2 The
100%
the
100%
he
93%
He
93%
he's
93%
man
93%
man)
93%
my
93%
shake
93%
tell
93%
their
93%
them
93%
Refrain They
93%
to
93%
But
87%
can't
87%
hand
87%
heads
87%
me
87%
me,
87%
When
87%
Whoa,
87%
you
87%
your
87%
be
80%
doesn't
80%
dopamine
80%
finger
80%
for
80%
"God,
80%
good
80%
Bridge Good
80%
her"
80%
his
80%
His
80%
lift
80%
Lord
80%
maybe
80%
On
80%
on
80%
only
80%
small
80%
told
80%
too
80%
town
80%
Were
80%
angel,
73%
boy,
73%
could
73%
from
73%
If
73%
I'll
73%
it
73%
just
73%
Like
73%
loud
73%
need
73%
of
73%
right
73%
saying,
73%
shook
73%
that
73%
that's
73%
through
73%
yet
73%
you'll
73%
all
67%
away
67%
dangerous
67%
didn't
67%
far
67%
had
67%
hadn't
67%
heaven
67%
help
67%
jokes
67%
met
67%
mile
67%
revolting
67%
see
67%
show
67%
so
67%
across
60%
bar
60%
cloud
60%
face
60%
handle
60%
highway
60%
mouth
60%
out
60%
pistol
60%
smoke
60%
train
60%
Trust
60%
6
53%
close,
53%
Come
53%
grade
53%
halo
53%
hearts
53%
highest
53%
lane
53%
perfect
53%
Softly
53%
Texas
53%
traces
53%
brain
47%
calloused
47%
case
47%
races
47%
skillset
47%
billows
40%
certain
40%
freight
40%
mine
33%
Aucun quiz correspondant
Distribution des résultats
% des personnes avec chaque résultat
Percentile par nombre de réponses
Votre historique - résultats
Vous n’avez pas pris ce quiz